000 00207 a2200097 4500
001 46811
100 _a
245 _aA metter of trust
260 _aLondon
_bWeidenfeld & nicolson
_c
090 _c29902
_d29902
942 _aNUST-CAE
_cM
_c22116
999 _c281884
_d281884